Normal view
MARC view
- Melaka.
Entry Corporate Name
001 - CONTROL NUMBER
- control field: 2045
003 - CONTROL NUMBER IDENTIFIER
- control field: OSt
005 - DATE AND TIME OF LATEST TRANSACTION
- control field: 20170508100435.0
008 - FIXED-LENGTH DATA ELEMENTS
- fixed length control field: 170508|| aca||aabn | a|a d
040 ## - CATALOGING SOURCE
- Original cataloging agency: OSt
- Transcribing agency: OSt
110 ## - HEADING--CORPORATE NAME
- Corporate name or jurisdiction name as entry element: Melaka.
- Subordinate unit: Jabatan Mufti Negeri Melaka
- Subordinate unit: Bahagian Fatwa dan Buhuth
- Relator term: editor
- Relator term: issuing body.
670 ## - SOURCE DATA FOUND
- Source citation: Work cat.: (OSt): Mohd Ali Haji Zainal 2042, HIMPUNAN WARTA FATWA KERAJAAN NEGERI MELAKA (1986-2013) /

PORTAL AKMAL
E-MEL JKDM
AKMAL2U
G-BAM
u-PUSTAKA